000 00552nam a2200217Ia 4500
003 OSt
005 20240209155734.0
008 210210b2013 xxu||||| |||| 00| 0 eng d
020 _a9788122415223
040 _cAL
041 _aeng
082 _a001.4 KOTR
100 _aKOTHARI (C R)
_9150253
245 _aResearch methodology: methods and techniques
250 _a2
260 _aNew Delhi
_bNew Age International (P) Limited, Publishers
_c2013
300 _axiv,401
690 _aResearch
_9150256
906 _a067967
942 _2ddc
_cBK
999 _c152307
_d152307